000 00517nam a2200217Ia 4500
003 OSt
005 20221005122613.0
006 a|||||r|||| 00| 0
007 ta
008 221004b |||||||| |||| 00| 0 guj d
024 _a46350
037 _cTextual
040 _aCRL
_cCRL
_bguj
041 _2guj
_aguj
082 _aR6, 156J2
245 0 _aKalki athva sanskritinu bhayi
260 _c1930
650 _aGUJRATI LITERATURE
942 _hR6, 156J2
_cTEXL
_2cc
999 _c1044800
_d1044800